Les principales divinités des Royaumes Oubliés (Donjons et Dragons 5e) - Statistiques

Statistiques générales
  • Ce quiz a été pris 14 fois
  • Le résultat moyen est 25 sur 50
Statistiques - réponses
Alignement Divinité Attributions % Correct
Chaotique-Mauvais Lolth divinité principale du panthéon Drow
90%
Neutre-Bon Mystra magie
90%
Loyal-Mauvais Tiamat dragons d'alignement mauvais
90%
Loyal-Bon Bahamut dragons d'alignement bon
80%
Loyal-Mauvais Baine tyrannie
80%
Neutre-Mauvais Myrkul mort
80%
Loyal-Bon Tyr justice
80%
Neutre-Mauvais Bhaal meurtre
70%
Neutre-Strict Oghma savoir, connaissance
70%
Neutre-Strict Sylvanus nature sauvage
70%
Non-Aligné Ao dieu des dieux
60%
Loyal-Bon Ilmater souffrance, pitié, endurance
60%
Loyal-Neutre Kelemvor royaume des morts
60%
Loyal-Bon Moradin divinité principale du panthéon Nain
60%
Chaotique-Bon Séluné lune, étoiles
60%
Neutre-Mauvais Shar nuit, ténèbres, perte
60%
Chaotique-Mauvais Talos tempêtes
60%
Neutre-Strict Akadi air
50%
Chaotique-Bon Corellon Larethian divinité principale du panthéon Elfe
50%
Chaotique-Mauvais Cyric mensonges
50%
Neutre-Strict Gond artisanat, invention
50%
Chaotique-Mauvais Gruumsh divinité principale du panthéon Orque
50%
Loyal-Neutre Heaume protection, devoir
50%
Neutre-Bon Lathandre renouveau, aube
50%
Neutre-Bon Mielikki forêts
50%
Chaotique-Bon Sunie amour, beauté, passion
50%
Chaotique-Mauvais Umberlie mers, océans
50%
Loyal-Neutre Azouth magiciens
40%
Loyal-Bon Garl Brilledor divinité principale du panthéon Gnome
40%
Loyal-Mauvais Loviatar douleur
40%
Chaotique-Mauvais Malar chasse, soif de sang
40%
Chaotique-Neutre Mask voleurs
40%
Loyal-Neutre Savras divination, destin
40%
Chaotique-Mauvais Talona maladies, poison
40%
Neutre-Strict Tempus guerre, combats
40%
Loyal-Bon Torm courage, devoir
40%
Chaotique-Bon Tymora chance
40%
Neutre-Mauvais Aurile froid, hiver
30%
Chaotique-Mauvais Beshaba malchance
30%
Neutre-Bon Chauntéa agriculture
30%
Neutre-Bon Déneïr écriture
30%
Neutre-Strict Grumbar terre
30%
Neutre-Strict Istishia eau
30%
Neutre-Strict Kossuth feu
30%
Chaotique-Bon Lliira joie
30%
Neutre-Strict Waukyne commerce, richesse
30%
Neutre-Bon Eldath paix
20%
Chaotique-Neutre Leira illusion
20%
Neutre-Bon Milil poésie, chants
20%
Loyal-Bon Yondalla divinité principale du panthéon Halfelin
20%
Aucun quiz correspondant
Distribution des résultats
% des personnes avec chaque résultat
Percentile par nombre de réponses
Votre historique - résultats
Vous n’avez pas pris ce quiz